Harry Potter: les Patronus - Statistiques

Statistiques générales
  • Ce quiz a été pris 251 fois
  • Le résultat moyen est 25 sur 31
Statistiques - réponses
Information Réponse % Correct
Patronus de Harry Potter Cerf
97%
Patronus de James Potter Cerf
97%
Patronus de Ron Weasley Jack Russell Terrier
96%
Patronus de Minerva McGonagall Chat avec des marques de lunettes
95%
Patronus de Dolores Ombrage Chat avec un pelage touffu
95%
Première apparition Harry Potter et le prisonnier d'Azkaban
95%
Personne qui apprend à Harry à en créer un Remus Lupin
95%
Patronus de Severus Rogue Biche
94%
Patronus de Lily Potter Biche
94%
Derniere apparition Harry Potter et les Reliques de la Mort
94%
Patronus de Hermione Granger Loutre
94%
Patronus de Ginny Weasley Cheval
92%
Patronus de Rémus Lupin Loup
92%
2e patronus de Nymphadora Tonks Loup
92%
Formule dans les films Expecto Patronum
91%
Patronus de Albus Dumbledore Phénix
90%
Patronus de Luna Lovegood Lievre
88%
1er patronus de Nymphadora Tonks Lievre
88%
Salle dans laquelle Harry apprend au autres à en créer un Salle sur Demande
84%
Formule dans les livres Spero Patronum
81%
Patronus de Cho Chang Cygne
76%
Patronus de Abelforth Dumbledore Bouc
75%
Patronus de Arthur Weasley Belette
66%
Effet Invoque un gardien spirituel
64%
Patronus de Kingsley Shaklebolt Lynx
61%
Patronus de Fred Weasley Pie
61%
Patronus de George Weasley Pie
61%
Patronus de Seamus Finnigan Renard
60%
Patronus de Ernie Macmillan Sanglier
56%
Type de sort Enchantement
17%
Taille du plus grand patronus existant 6 mètres
13%
Aucun quiz correspondant
Distribution des résultats
% des personnes avec chaque résultat
Percentile par nombre de réponses
Votre historique - résultats
Vous n’avez pas pris ce quiz